Break-away thinking: how to challenge your business assumptions (and why you should) (Record no. 81184)

MARC details
000 -LEADER
fixed length control field 00948nam a2200217 a 4500
008 - FIXED-LENGTH DATA ELEMENTS--GENERAL INFORMATION
fixed length control field 120416s1988 ||||||||||||||||| || u
020 ## - INTERNATIONAL STANDARD BOOK NUMBER
International Standard Book Number 0471602027
050 ## - LIBRARY OF CONGRESS CALL NUMBER
Classification number HD 70.U5 Mit
100 ## - MAIN ENTRY--PERSONAL NAME
Personal name Mitroff, Ian I
245 10 - TITLE STATEMENT
Title Break-away thinking: how to challenge your business assumptions (and why you should)
260 ## - PUBLICATION, DISTRIBUTION, ETC.
Place of publication, distribution, etc. New York
Name of publisher, distributor, etc. John Wiley and Sons
Date of publication, distribution, etc. 1988
300 ## - PHYSICAL DESCRIPTION
Extent xii, 196p : ill
350 ## -
-- 0.00
500 ## - GENERAL NOTE
General note Bibliography: p. [187]-194.
650 ## - SUBJECT ADDED ENTRY--TOPICAL TERM
Topical term or geographic name entry element COMPETITION, INTERNATIONAL
650 #0 - SUBJECT ADDED ENTRY--TOPICAL TERM
Topical term or geographic name entry element MANAGEMENT
650 ## - SUBJECT ADDED ENTRY--TOPICAL TERM
Topical term or geographic name entry element Industrial management--United States
650 ## - SUBJECT ADDED ENTRY--TOPICAL TERM
Topical term or geographic name entry element Organizational change--United States
995 ## -
-- MAIN LIBRARY OPEN ACCESS
-- 0.00
-- 722105
-- CBU-MAIN LIBRARY (Kitwe)
-- 2
-- 18.95
-- HD 70.U5 Mit
-- 2
-- AVAILABLE
-- 025150
-- Main Library Open Access Collection
995 ## -
-- ANNEX COLLECTION (Main Library)
-- 0.00
-- 722106
-- CBU-MAIN LIBRARY (Kitwe)
-- 1
-- 18.95
-- HD 70.U5 Mit
-- 1
-- AVAILABLE
-- 004046
-- Annex Low-Usage Collection
999 ## -
-- 81184
-- 81184
Holdings
Withdrawn status Lost status Source of classification or shelving scheme Damaged status Not for loan Permanent Location Current Location Shelving location Date acquired Total Checkouts Full call number Barcode Date last seen Copy number Price effective from Koha item type
          CBU-MAIN LIBRARY, KITWE. CBU-MAIN LIBRARY, KITWE.   07/19/2023   HD 70.U5 Mit 025150 07/19/2023 1 07/19/2023 MONOGRAPH
          CBU-MAIN LIBRARY, KITWE. CBU-MAIN LIBRARY, KITWE.   07/19/2023   HD 70.U5 Mit 004046 07/19/2023 2 07/19/2023 MONOGRAPH